LEADER 01165nam--2200385---450- 001 990000336420203316 010 $a3-540-66918-3 035 $a0033642 035 $aUSA010033642 035 $a(ALEPH)000033642USA01 035 $a0033642 100 $a20010207d2000----km-y0itay0103----ba 101 $aeng 102 $aDE 105 $a||||||||001yy 200 1 $aNonlinear science at the Dawn of the 21th century$fP.L. Christiansen...[et al] 210 $aBerlin$cSpringer-Verlag$dc2000 215 $aXXVI, 457 p.$cill.$d24 cm 225 2 $aLecture notes in physics$v542 410 0 $12001$aLecture notes in physics$v542 461 1$1001-------$12001 610 0 $aFisica matematica 610 0 $aTeorie nonlineari 676 $a530.15 702 1$aCHRISTIANSEN,$bPeter L. 801 0$aIT$bsalbc$gISBD 912 $a990000336420203316 951 $a530 LNP (542)$bCBS 0024994$c530$d00100047 959 $aBK 969 $aSCI 979 $aTAMI$b40$c20010207$lUSA01$h1142 979 $c20020403$lUSA01$h1641 979 $aPATRY$b90$c20040406$lUSA01$h1623 996 $aNonlinear science at the Dawn of the 21th century$9878082 997 $aUNISA LEADER 02616oam 2200505zu 450 001 9911019092303321 005 20251116163625.0 010 $a0-470-77903-9 010 $a0-470-03442-4 010 $a0-470-02772-X 024 7 $a10.1002/0470034424 035 $a(CKB)2500000000001631 035 $a(SSID)ssj0000353984 035 $a(PQKBManifestationID)11251617 035 $a(PQKBTitleCode)TC0000353984 035 $a(PQKBWorkID)10302176 035 $a(PQKB)10317703 035 $a(NjHacI)992500000000001631 035 $a(EXLCZ)992500000000001631 100 $a20160829d1992 uy 101 0 $aeng 135 $aur||||||||||| 181 $ctxt 182 $cc 183 $acr 200 14$aThe Chemistry of Organophosphorous Compounds, Phosphine Oxides, Sulphides, Selenides and Tellurides. Vol. 2 210 31$a[Place of publication not identified]$cJohn Wiley & Sons Incorporated$d1992 215 $a1 online resource (xvi, 647 pages) $cillustrations 225 1 $aPATAI'S Chemistry of Functional Groups 300 $aBibliographic Level Mode of Issuance: Monograph 311 08$a0-471-93056-3 320 $aIncludes bibliographical references and index. 327 $aStructure and bonding in tertiary phosphine chalcogenides / D.G. Gilheany -- Structure and stereochemistry of secondary and tertiary phosphine chalcogenides / M.J. Gallagher -- Electrochemistry of organophosphorus(V) compounds / K.S.V. Santhanam -- Photochemistry of phosphine chalcogenides / M. Dankowski -- Spectroscopy of phosphine chalcogenides / G. Davidson -- Methods of preparation of phosphine chalcogenides / A.K. Bhattacharya and N.K. Roy -- Chemical properties and reactions of phosphine chalcogenides / R.S. Edmundson -- Coordination chemistry of phosphine chalcogenides and their analytical and catalytic applications / T.S. Lobana. 330 $aPart of a series dealing with organophosphorus compounds, this volume covers the chemical and physical properties exhibited by phosphine oxides, sulphides, selenides and tellurides. It covers electrochemistry, photochemistry, structure and bonding, stereochemistry and chemical reactions. 410 0$aPatai's chemistry of functional groups. 606 $aOrganophosphorus compounds 615 0$aOrganophosphorus compounds. 676 $a547.070459 700 $aHartley$b F. R.$01838046 701 $aHartley$b F. R$01838046 801 0$bPQKB 906 $aBOOK 912 $a9911019092303321 996 $aThe Chemistry of Organophosphorous Compounds, Phosphine Oxides, Sulphides, Selenides and Tellurides. Vol. 2$94554843 997 $aUNINA